Rodzaje dokumentów - Statystyki

Ogólne statystyki
  • Ten quiz został rozwiązany 458 razy
  • Średni wynik to 9 z 10
Statystyki odpowiedzi
Wskazówka Dokument % Poprawnych
Uprawnia do kierowania pojazdami mechanicznymi Prawo jazdy
99%
Drukowany w kasie po dokonaniu zakupu lub skorzystaniu z usługi Paragon
98%
Książeczka, do której wkleja się powyższy dokument Paszport
98%
Otrzymywane na koniec roku szkolnego Świadectwo
97%
Podstawowy dokument stwierdzający tożsamość Dowód osobisty
95%
Np. szkolna, studencka Legitymacja
95%
Np. urodzenia, własności Akt
92%
Uprawnia n.p. do poruszania się komunikacją publiczną Bilet
91%
Pozwala na podróż do konkretnego kraju Wiza
88%
Zawiera szczegółowe dane transakcji, zazwyczaj sporządzana na kartce papieru Faktura
77%
Nie znaleziono quizów pasujących do podanych kryteriów
Rozkład punktacji
Procent ludzi z każdym wynikiem
Percentyl według liczby udzielonych odpowiedzi
Twoja historia wyników
Nie rozwiązałeś tego quizu